[Event "ch-European Rapid 2013"]
[Site "Warsaw POL"]
[Date "2013.12.14"]
[Round "1.1"]
[White "Skolimowski, Andrzej"]
[Black "Malakhov, Vladimir"]
[Result "0-1"]
[BlackTitle "GM"]
[WhiteElo "1708"]
[BlackElo "2716"]
[WhiteFideId "21803919"]
[BlackFideId "4120787"]
[EventDate "2013.12.14"]
[EventType "swiss"]

1. d4 g6 2. c4 Bg7 3. Nc3 e6 4. Bf4 Ne7 5. Nf3 d6 6. h3 Nd7 7. e3 O-O 8. Be2 b6
9. O-O Bb7 10. Bh2 h6 11. Nd2 e5 12. d5 f5 13. e4 a5 14. Nb5 Nc5 15. Qc2 fxe4
16. Nxe4 Nf5 17. Nxc5 bxc5 18. Bg4 Rf7 19. f4 exf4 20. Bxf4 Bc8 21. Rae1 Bd7 22.
a4 Kh7 23. Kh2 h5 24. Bxf5 Bxf5 25. Qd2 Qd7 26. Bg3 Bf6 27. Re2 Raf8 28. Rfe1 g5
29. Re3 h4 30. Bf2 Bg6 31. Qe2 Be5+ 32. Bg3 Bxg3+ 33. Rxg3 hxg3+ 34. Kg1 Qf5 0-1

[Event "ch-European Rapid 2013"]
[Site "Warsaw POL"]
[Date "2013.12.14"]
[Round "1.2"]
[White "Korobov, Anton"]
[Black "Rychlik, Bogdan"]
[Result "1-0"]
[WhiteTitle "GM"]
[WhiteElo "2713"]
[BlackElo "1796"]
[WhiteFideId "14105730"]
[BlackFideId "1109235"]
[EventDate "2013.12.14"]
[EventType "swiss"]

1. d4 d5 2. c4 e6 3. Nc3 Nf6 4. cxd5 exd5 5. Bg5 Be7 6. e3 O-O 7. Bd3 Nbd7 8.
Nf3 h6 9. Bf4 c6 10. Qc2 Kh8 11. O-O Re8 12. Nb5 Nb6 13. Nc7 Be6 14. Ne5 Bd6 15.
Nxe6 1-0

[Event "ch-European Rapid 2013"]
[Site "Warsaw POL"]
[Date "2013.12.14"]
[Round "1.3"]
[White "Dadello, Andrzej"]
[Black "Dreev, Aleksey"]
[Result "0-1"]
[BlackTitle "GM"]
[WhiteElo "1812"]
[BlackElo "2673"]
[WhiteFideId "1177370"]
[BlackFideId "4100107"]
[EventDate "2013.12.14"]
[EventType "swiss"]

1. c4 c6 2. Nc3 d5 3. cxd5 cxd5 4. d4 Nf6 5. Nf3 Nc6 6. Bg5 Ne4 7. Rc1 Nxg5 8.
Nxg5 e6 9. Nf3 Bd6 10. e3 O-O 11. Bd3 Bd7 12. O-O Rc8 13. h3 a6 14. a3 Qe7 15.
Na4 Nxd4 16. Nxd4 Rxc1 17. Qxc1 Bxa4 18. Qd2 g6 19. Rc1 Rd8 20. Bc2 Be8 21. Bb3
Bb8 22. Nf3 Bc6 23. Nd4 Bd7 24. Nf3 Qd6 25. g3 Bc6 26. Nd4 Be8 27. Nf3 Kg7 28.
Kh2 f6 29. Rd1 Bf7 30. Qe2 Qb6 31. Ba2 Rc8 32. b4 Rc3 33. Rd3 Qb5 34. Ne1 Rxa3
35. Qd2 Rxd3 36. Nxd3 Bd6 37. Qc3 Qc6 38. Nc5 a5 0-1

[Event "ch-European Rapid 2013"]
[Site "Warsaw POL"]
[Date "2013.12.14"]
[Round "1.4"]
[White "Wojtaszek, Radoslaw"]
[Black "Sidabras, Jonas"]
[Result "1-0"]
[WhiteTitle "GM"]
[WhiteElo "2711"]
[BlackElo "1710"]
[WhiteFideId "1118358"]
[BlackFideId "12806048"]
[EventDate "2013.12.14"]
[EventType "swiss"]

1. c4 Nf6 2. Nc3 c6 3. e4 d5 4. e5 Ne4 5. d4 Nxc3 6. bxc3 g6 7. Ne2 Bg7 8. Nf4
O-O 9. Be2 Na6 10. cxd5 cxd5 11. Qb3 Nc7 12. O-O b6 13. a4 h5 14. Be3 Bf5 15.
Rac1 f6 16. exf6 Rxf6 17. Bf3 e6 18. c4 Be4 19. Bxe4 dxe4 20. Qc2 Ne8 21. c5
bxc5 22. dxc5 e5 23. Qc4+ Kh7 24. Nd5 Rf8 25. Qxe4 Nc7 26. Rfd1 Nxd5 27. Rxd5
Qc7 28. Rd6 Qf7 29. c6 Rac8 30. Rd7 Qf5 31. Qxf5 gxf5 32. c7 f4 33. Bxa7 Ra8 34.
Bb6 Rxa4 35. Rd8 1-0

[Event "ch-European Rapid 2013"]
[Site "Warsaw POL"]
[Date "2013.12.14"]
[Round "1.5"]
[White "Palka, Dominika"]
[Black "Cheparinov, Ivan"]
[Result "0-1"]
[BlackTitle "GM"]
[WhiteElo "1794"]
[BlackElo "2672"]
[WhiteFideId "1153862"]
[BlackFideId "2905540"]
[EventDate "2013.12.14"]
[EventType "swiss"]

1. d4 Nf6 2. c4 g6 3. Nc3 Bg7 4. e4 d6 5. Be3 O-O 6. Be2 e5 7. d5 Na6 8. Nf3 Ng4
9. O-O Nxe3 10. fxe3 Bd7 11. a3 Bh6 12. Qd2 Nc5 13. Bd1 a5 14. Qe2 a4 15. Nd2
Qg5 16. Rf2 Qxe3 17. Kh1 Qxe2 18. Rxe2 Bg4 19. Nf3 f5 20. h3 Bh5 21. Bc2 fxe4
22. Nxe4 Rxf3 23. gxf3 Bxf3+ 0-1

[Event "ch-European Rapid 2013"]
[Site "Warsaw POL"]
[Date "2013.12.14"]
[Round "1.6"]
[White "Ragger, Markus"]
[Black "Wilczynski, Adam"]
[Result "1-0"]
[WhiteTitle "GM"]
[WhiteElo "2646"]
[BlackElo "1696"]
[WhiteFideId "1610856"]
[BlackFideId "1136380"]
[EventDate "2013.12.14"]
[EventType "swiss"]

1. e4 c5 2. c3 Nf6 3. e5 Nd5 4. Nf3 e6 5. d4 cxd4 6. cxd4 d6 7. Bc4 Nc6 8. Qe2
Be7 9. O-O O-O 10. Qe4 f5 11. exf6 Nxf6 12. Bxe6+ Kh8 13. Qe2 d5 14. Nc3 Bb4 15.
Bxc8 Rxc8 16. Bg5 Re8 17. Qd3 a6 18. Bxf6 gxf6 19. Rfe1 Rg8 20. Qf5 Bxc3 21.
bxc3 Na5 22. Rac1 Nc4 23. Re6 Nd6 24. Qxd5 Ne8 25. Qxb7 Rc7 26. Qxa6 Rcg7 27. g3
Nc7 28. Qe2 Nxe6 29. Qxe6 Re8 30. Qf5 Ra7 31. Rb1 Rxa2 32. Rb7 Ra1+ 33. Kg2 Re7
34. Qxf6+ Kg8 35. Rxe7 1-0

[Event "ch-European Rapid 2013"]
[Site "Warsaw POL"]
[Date "2013.12.14"]
[Round "1.7"]
[White "Benda, Grzegorz"]
[Black "Moiseenko, Alexander"]
[Result "0-1"]
[BlackTitle "GM"]
[WhiteElo "1758"]
[BlackElo "2713"]
[WhiteFideId "21803463"]
[BlackFideId "14102560"]
[EventDate "2013.12.14"]
[EventType "swiss"]

1. d4 f5 2. Bg5 g6 3. e3 Bg7 4. Nf3 Nf6 5. Nc3 O-O 6. Bc4+ e6 7. h4 d5 8. Be2 h6
9. Bxf6 Qxf6 10. Ne5 c5 11. Nb5 Nc6 12. f4 Rd8 13. g4 Nxe5 14. dxe5 Qe7 15. Nd6
Rxd6 16. exd6 Qxd6 17. c3 d4 18. gxf5 exf5 19. Bc4+ Kh7 20. Qd2 Be6 21. Bxe6
Qxe6 22. O-O-O Qxa2 23. Qc2 dxc3 24. bxc3 Qe6 25. Rhe1 h5 26. e4 fxe4 27. Rxe4
Qf7 28. Rd6 Rg8 29. Ree6 Qxf4+ 30. Kb2 Qb4+ 31. Ka2 Qa5+ 32. Kb2 Qb4+ 33. Ka2
Bxc3 34. Rxg6 Qa5+ 35. Kb3 c4+ 36. Kxc4 Qb4+ 37. Kd3 Rxg6 38. Rd7+ Bg7 0-1

[Event "ch-European Rapid 2013"]
[Site "Warsaw POL"]
[Date "2013.12.14"]
[Round "1.8"]
[White "Jobava, Baadur"]
[Black "Biegalski, Arkadiusz"]
[Result "1-0"]
[WhiteTitle "GM"]
[WhiteElo "2705"]
[BlackElo "1728"]
[WhiteFideId "13601520"]
[BlackFideId "1176960"]
[EventDate "2013.12.14"]
[EventType "swiss"]

1. b3 e5 2. Bb2 d6 3. e3 Nf6 4. Ne2 g6 5. d4 exd4 6. Nxd4 Bg7 7. Nc3 O-O 8. Qd2
Nc6 9. Nxc6 bxc6 10. O-O-O Bf5 11. f3 d5 12. g4 Be6 13. h4 Nd7 14. h5 Ne5 15.
Be2 Qd6 16. Na4 Nd7 17. Bxg7 Kxg7 18. f4 f5 19. hxg6 hxg6 20. Qc3+ 1-0

[Event "ch-European Rapid 2013"]
[Site "Warsaw POL"]
[Date "2013.12.14"]
[Round "1.9"]
[White "Sliwicka, Alicja"]
[Black "Tkachiev, Vladislav"]
[Result "0-1"]
[WhiteTitle "WFM"]
[BlackTitle "GM"]
[WhiteElo "1837"]
[BlackElo "2637"]
[WhiteFideId "1150677"]
[BlackFideId "618438"]
[EventDate "2013.12.14"]
[EventType "swiss"]

1. e4 d6 2. d4 g6 3. Nc3 Bg7 4. f4 Nf6 5. Nf3 O-O 6. Be2 c5 7. O-O cxd4 8. Nxd4
Nc6 9. Be3 Bd7 10. h3 Rc8 11. Qd2 a6 12. Rad1 b5 13. Bf3 Qc7 14. Nxc6 Bxc6 15.
a3 a5 16. Rf2 b4 17. axb4 axb4 18. Nd5 Bxd5 19. exd5 Qb7 20. Ra1 Ra8 21. Rff1
Nd7 22. c3 bxc3 23. bxc3 Qc7 24. Bd4 Bxd4+ 25. cxd4 Rxa1 26. Rxa1 Nf6 27. Qb4
Rb8 28. Qa4 Qc3 29. Rd1 Qe3+ 30. Kh1 Qxf4 31. Qa7 Rb3 32. Qa4 Re3 33. Qc2 Kg7
34. Kg1 h5 35. Qd2 g5 36. Qf2 Rc3 37. Re1 Rc1 38. Rxc1 Qxc1+ 39. Kh2 Qf4+ 40.
Kg1 g4 41. Be2 Qxf2+ 42. Kxf2 gxh3 43. gxh3 Kg6 44. Bf3 Kg5 45. Ke3 Kh4 46. Bg2
Kg3 47. Bf1 Nxd5+ 48. Ke4 e6 0-1

[Event "ch-European Rapid 2013"]
[Site "Warsaw POL"]
[Date "2013.12.14"]
[Round "1.10"]
[White "Azarov, Sergei"]
[Black "Sabaliauskis, Martynas"]
[Result "1-0"]
[WhiteTitle "GM"]
[WhiteElo "2616"]
[BlackElo "1735"]
[WhiteFideId "13501470"]
[BlackFideId "12806390"]
[EventDate "2013.12.14"]
[EventType "swiss"]

1. e4 e6 2. d4 d5 3. Nd2 c5 4. Ngf3 Nc6 5. exd5 exd5 6. Bb5 Qe7+ 7. Qe2 Qxe2+ 8.
Kxe2 Be6 9. Re1 a6 10. Bxc6+ bxc6 11. Kf1 cxd4 12. Nxd4 Kd7 13. N2f3 Bd6 14. Ng5
Nf6 15. Ndxe6 fxe6 16. Nxe6 Ne4 17. Ng5 Nxg5 18. Bxg5 h6 19. Be3 Rhf8 20. g3 Rf7
21. Kg2 Raf8 22. Rad1 Kc7 23. h4 Be5 24. c3 Rb8 25. Re2 Bd6 26. c4 dxc4 27. Rc2
Be5 28. Bd4 Bxd4 29. Rxd4 Rbf8 30. Rdxc4 Rf6 31. b4 Kb6 32. a4 g6 33. Rc5 h5 34.
a5+ Kb7 35. Re5 R8f7 36. Rce2 Kc7 37. Re7+ Kd6 38. Re8 Rb7 39. Rd8+ Rd7 40. Rd2+ 1-0

[Event "ch-European Rapid 2013"]
[Site "Warsaw POL"]
[Date "2013.12.14"]
[Round "1.11"]
[White "Szostko, Jakub"]
[Black "Rapport, Richard"]
[Result "0-1"]
[BlackTitle "GM"]
[WhiteElo "1975"]
[BlackElo "2687"]
[WhiteFideId "1174282"]
[BlackFideId "738590"]
[EventDate "2013.12.14"]
[EventType "swiss"]

1. c4 g5 2. d4 Bg7 3. Nc3 h6 4. e4 c5 5. Nge2 Nc6 6. Be3 Nf6 7. dxc5 Ng4 8. Qd2
Nxe3 9. Qxe3 Ne5 10. Nd4 d6 11. O-O-O Ng4 12. Qe2 O-O 13. f3 Ne5 14. h4 gxh4 15.
Rxh4 e6 16. Rh5 Ng6 17. g3 Qa5 18. Nb3 Qb4 19. cxd6 Bd7 20. f4 Bxc3 21. bxc3
Qxc3+ 22. Kb1 Qxg3 23. Rxh6 Kg7 24. Rh3 Qxf4 25. Qb2+ e5 26. Bg2 Bxh3 27. Bxh3
Qf3 28. Rg1 Qxh3 29. Qxe5+ Kh7 0-1

[Event "ch-European Rapid 2013"]
[Site "Warsaw POL"]
[Date "2013.12.14"]
[Round "1.13"]
[White "Kaska, Wladyslaw"]
[Black "Perunovic, Milos"]
[Result "0-1"]
[BlackTitle "GM"]
[WhiteElo "1806"]
[BlackElo "2622"]
[WhiteFideId "1132393"]
[BlackFideId "921629"]
[EventDate "2013.12.14"]
[EventType "swiss"]

1. d4 Nf6 2. c4 c5 3. Nf3 cxd4 4. Nxd4 Nc6 5. Nc3 e6 6. Bg5 Be7 7. e3 O-O 8. Bd3
Qa5 9. Bf4 e5 10. Nxc6 bxc6 11. Bg3 Rb8 12. Qc2 d6 13. O-O Be6 14. b3 h6 15. Ne4
Nd7 16. Rfd1 f5 17. Qd2 Qxd2 18. Nxd2 f4 19. exf4 exf4 20. Re1 Ne5 21. Nf3 fxg3
22. hxg3 Rxf3 23. Rxe5 Rxd3 24. Rxe6 Bf6 25. Rae1 Kf7 26. R6e4 Rd2 27. R1e2 Rxe2
28. Rxe2 Re8 29. Rd2 Re1+ 30. Kh2 Ke6 31. f4 d5 32. cxd5+ cxd5 33. Rc2 d4 34. g4
d3 35. Rd2 Re3 36. g3 Bc3 37. Rd1 d2 0-1

[Event "ch-European Rapid 2013"]
[Site "Warsaw POL"]
[Date "2013.12.14"]
[Round "1.14"]
[White "Sargissian, Gabriel"]
[Black "Rykov, Ivan2"]
[Result "1-0"]
[WhiteTitle "GM"]
[WhiteElo "2675"]
[BlackElo "1783"]
[WhiteFideId "13300881"]
[BlackFideId "24128520"]
[EventDate "2013.12.14"]
[EventType "swiss"]

1. d4 c5 2. d5 e5 3. Nc3 d6 4. e4 Be7 5. Nf3 Bg4 6. h3 Bxf3 7. Qxf3 Bg5 8. Bb5+
Kf8 9. Bxg5 Qxg5 10. a4 a6 11. Be2 Nd7 12. a5 h5 13. h4 Qg6 14. g3 Ke7 15. Bf1
Qf6 16. Qe2 g6 17. Bh3 Kd8 18. Na4 Kc7 19. Bxd7 1-0

[Event "ch-European Rapid 2013"]
[Site "Warsaw POL"]
[Date "2013.12.14"]
[Round "1.15"]
[White "Zurkiewicz, Krzysztof"]
[Black "Lysyj, Igor"]
[Result "0-1"]
[BlackTitle "GM"]
[WhiteElo "1805"]
[BlackElo "2666"]
[WhiteFideId "21814570"]
[BlackFideId "4150120"]
[EventDate "2013.12.14"]
[EventType "swiss"]

1. e4 e5 2. Nf3 Nc6 3. Bb5 Nf6 4. O-O Nxe4 5. d4 Nd6 6. Bxc6 dxc6 7. dxe5 Nf5 8.
Qxd8+ Kxd8 9. Nc3 Ke8 10. h3 h5 11. b3 b6 12. Bb2 Bb7 13. Rad1 Be7 14. Rfe1 Rd8
15. Ne4 Rxd1 16. Rxd1 c5 17. Neg5 Bxg5 18. Nxg5 Ke7 19. f4 Bc6 20. Kf2 h4 21.
Rd2 a5 22. c4 a4 23. Rd1 Ra8 24. Rd2 Ke8 25. e6 f6 26. Nf3 Ke7 27. Re2 Rd8 28.
Ke1 axb3 29. axb3 Bxf3 30. gxf3 Rd3 31. Kf2 Rxb3 32. Kg2 Ne3+ 33. Kh2 Nxc4 34.
Ba1 Nd6 35. Kg2 Nf5 0-1

[Event "ch-European Rapid 2013"]
[Site "Warsaw POL"]
[Date "2013.12.14"]
[Round "1.16"]
[White "Ivanisevic, Ivan"]
[Black "Tkadlecek, Petr"]
[Result "1-0"]
[WhiteTitle "GM"]
[WhiteElo "2626"]
[BlackElo "1755"]
[WhiteFideId "912417"]
[BlackFideId "333441"]
[EventDate "2013.12.14"]
[EventType "swiss"]

1. d4 Nf6 2. c4 c6 3. Nc3 d5 4. Nf3 Bg4 5. Ne5 Bh5 6. cxd5 Nxd5 7. Qb3 Nb6 8. e3
f6 9. Nd3 Bf7 10. Qc2 N8d7 11. Be2 Qc7 12. b3 e6 13. Bb2 Bd6 14. Ne4 Be7 15. O-O
O-O 16. Rac1 Bg6 17. Nf4 Bf7 18. h4 Nd5 19. Nxd5 exd5 20. Ng3 Bg6 21. Nf5 Bd8
22. h5 Bf7 23. Ba3 Re8 24. Nd6 Re6 25. Nxf7 Kxf7 26. Qxh7 Nf8 27. Bxf8 Kxf8 28.
Bd3 Qf7 29. Bf5 Re8 30. Bg6 Qd7 31. Qh8+ Ke7 32. Qxg7+ Kd6 33. Qxd7+ Kxd7 34.
Bxe8+ Kxe8 35. g4 Bc7 36. Kg2 Kf7 37. Rh1 Rg8 38. Kf3 Bd6 39. h6 Rh8 40. Rh5 Rh7
41. Rch1 Kg6 42. Ke2 Bf8 43. f4 a6 44. Kf3 b6 45. f5+ Kf7 46. Rc1 1-0

[Event "ch-European Rapid 2013"]
[Site "Warsaw POL"]
[Date "2013.12.14"]
[Round "1.17"]
[White "Filimoniuk, Marcin"]
[Black "Petrosian, Tigran L."]
[Result "0-1"]
[BlackTitle "GM"]
[WhiteElo "1766"]
[BlackElo "2648"]
[WhiteFideId "1144685"]
[BlackFideId "13301616"]
[EventDate "2013.12.14"]
[EventType "swiss"]

1. d4 d5 2. Nf3 c6 3. g3 Nf6 4. Bg2 g6 5. O-O Bg7 6. c4 O-O 7. cxd5 cxd5 8. Nc3
Nc6 9. Qb3 Ne4 10. Rd1 Na5 11. Qxd5 Nxc3 12. Qxd8 Nxe2+ 13. Kf1 Nxg3+ 14. hxg3
Rxd8 15. Bf4 Nc6 16. d5 Nb4 17. Ne5 g5 18. Bxg5 Kf8 19. Nc4 Bf5 20. Ne3 Bg6 21.
a3 Nd3 22. d6 Rxd6 23. Nc4 Rd4 24. Na5 Nxb2 25. Rxd4 Bxd4 26. Rc1 Bb6 27. Nxb7
Nd3 28. Rc3 Rb8 29. Be3 Bxe3 30. fxe3 Ne5 31. Rc7 Nc4 32. Kf2 Nxa3 33. Rc3 Nb5
34. Rc1 Kg7 35. Ra1 Rc8 36. Ra2 Rc3 37. Bf1 Na3 38. Rd2 Rc2 39. Rxc2 Nxc2 40.
Ba6 Nb4 41. Bb5 Bd3 42. Ba4 Ba6 43. Nc5 Nd3+ 0-1

[Event "ch-European Rapid 2013"]
[Site "Warsaw POL"]
[Date "2013.12.14"]
[Round "1.18"]
[White "Miton, Kamil"]
[Black "Botor, Michalina"]
[Result "1-0"]
[WhiteTitle "GM"]
[WhiteElo "2591"]
[BlackElo "1748"]
[WhiteFideId "1111914"]
[BlackFideId "1131478"]
[EventDate "2013.12.14"]
[EventType "swiss"]

1. d4 d5 2. c4 c6 3. Nc3 Nf6 4. e3 e6 5. Nf3 Bd6 6. Qc2 O-O 7. Bd3 Nbd7 8. O-O
Re8 9. Rd1 Nf8 10. e4 dxe4 11. Nxe4 Nxe4 12. Bxe4 Qc7 13. b3 e5 14. c5 Be7 15.
dxe5 Bg4 16. Bb2 h6 17. h3 Bxf3 18. Bxf3 Ne6 19. b4 Rad8 20. Bg4 Nf8 21. Qc3 Ne6
22. Rd6 Bxd6 23. exd6 Qd7 24. Re1 Rf8 25. Rxe6 f5 26. Re7 1-0

[Event "ch-European Rapid 2013"]
[Site "Warsaw POL"]
[Date "2013.12.14"]
[Round "1.19"]
[White "Michalski, Filip"]
[Black "Salgado Lopez, Ivan"]
[Result "0-1"]
[BlackTitle "GM"]
[WhiteElo "1674"]
[BlackElo "2597"]
[WhiteFideId "1151371"]
[BlackFideId "2257327"]
[EventDate "2013.12.14"]
[EventType "swiss"]

1. d4 d5 2. c4 e6 3. Nc3 Be7 4. e3 Nf6 5. Nf3 O-O 6. Bd3 b6 7. O-O Bb7 8. b3
Nbd7 9. Bb2 c5 10. Qe2 cxd4 11. Nxd4 Nc5 12. cxd5 Nxd3 13. Qxd3 Nxd5 14. Nxd5
Qxd5 15. e4 Qxe4 16. Qxe4 Bxe4 17. Rfe1 Bb7 18. Rac1 Rfc8 19. Nb5 Bc6 20. Nd4
Be8 21. h3 Bf6 22. Ba1 Kf8 23. f3 Bh4 24. Red1 Bg5 25. Rc3 a5 26. Kf2 Rxc3 27.
Bxc3 b5 28. Ne2 Be7 29. Bd4 Rc8 30. Rc1 Rxc1 31. Nxc1 f6 32. Ne2 e5 33. Bb6 a4
34. Nc3 Bc6 35. Ke3 axb3 36. axb3 Kf7 37. g3 Ke6 38. Ba5 Bc5+ 39. Ke2 f5 40. Bd8
h6 41. h4 g6 42. Ba5 g5 43. hxg5 hxg5 44. Nb1 Bd5 45. Nd2 g4 46. fxg4 fxg4 47.
Bc3 Kf5 48. b4 Bb6 49. Bb2 e4 50. Bg7 e3 51. Nf1 Bc4+ 52. Ke1 Ke4 53. Nh2 Bc7
54. Nf1 Bd6 55. Bc3 Kd3 0-1

[Event "ch-European Rapid 2013"]
[Site "Warsaw POL"]
[Date "2013.12.14"]
[Round "1.21"]
[White "Wacior, Maciej"]
[Black "Krasenkow, Michal"]
[Result "0-1"]
[BlackTitle "GM"]
[WhiteElo "1892"]
[BlackElo "2633"]
[WhiteFideId "1127454"]
[BlackFideId "1113100"]
[EventDate "2013.12.14"]
[EventType "swiss"]

1. d4 f5 2. Nf3 Nf6 3. Bf4 d6 4. e3 g6 5. c4 Bg7 6. Nc3 O-O 7. Be2 e6 8. h3 Nbd7
9. Qb3 Kh8 10. O-O Qe7 11. Rac1 e5 12. dxe5 dxe5 13. Bh2 e4 14. Nd4 c6 15. Rfd1
Ne5 16. Rd2 Nfd7 17. Qc2 Nc5 18. Bxe5 Bxe5 19. b4 Ne6 20. a3 Nxd4 21. exd4 Bf4
22. Rdd1 Bxc1 23. Qxc1 f4 24. d5 f3 25. Bf1 Bf5 26. Qe3 fxg2 27. Bxg2 cxd5 28.
Nxd5 Qg7 29. Nc3 Rad8 30. Nd5 b6 31. Rc1 b5 32. Nf4 bxc4 33. Rxc4 g5 34. Nh5
Rd1+ 35. Kh2 Qe5+ 36. Ng3 Bg6 37. Qxa7 Rd2 38. Qc5 Qxc5 39. bxc5 Rfxf2 40. Nf1
Rxg2+ 41. Kh1 Rc2 0-1

[Event "ch-European Rapid 2013"]
[Site "Warsaw POL"]
[Date "2013.12.14"]
[Round "1.22"]
[White "Dubov, Daniil"]
[Black "Strojek, Kazimierz"]
[Result "1-0"]
[WhiteTitle "GM"]
[WhiteElo "2629"]
[BlackElo "1752"]
[WhiteFideId "24126055"]
[BlackFideId "1126873"]
[EventDate "2013.12.14"]
[EventType "swiss"]

1. Nf3 Nf6 2. g3 b6 3. Bg2 Bb7 4. O-O Nc6 5. d4 e6 6. c4 d6 7. Nc3 Be7 8. d5
exd5 9. cxd5 Nb8 10. Nd4 O-O 11. b3 Na6 12. Bb2 Re8 13. Rc1 Qd7 14. a3 Nc5 15.
b4 Na6 16. Qd3 Nb8 17. Nf5 Bf8 18. Nb5 Ba6 19. a4 Bxb5 20. axb5 a6 21. Bxf6 gxf6
22. bxa6 Nxa6 23. Rc4 Re5 24. Bh3 Qe8 25. Rh4 Nxb4 26. Ne7+ 1-0

[Event "ch-European Rapid 2013"]
[Site "Warsaw POL"]
[Date "2013.12.14"]
[Round "1.23"]
[White "Antolak, Julia"]
[Black "Andriasian, Zaven"]
[Result "0-1"]
[BlackTitle "GM"]
[WhiteElo "1790"]
[BlackElo "2610"]
[WhiteFideId "1159569"]
[BlackFideId "13302000"]
[EventDate "2013.12.14"]
[EventType "swiss"]

1. e4 c5 2. Nf3 d6 3. d4 cxd4 4. Nxd4 Nf6 5. Nc3 a6 6. Be3 Ng4 7. Bc1 Nf6 8. f3
e5 9. Nb3 Be7 10. Be3 O-O 11. Qd2 Be6 12. O-O-O a5 13. Bb5 Na6 14. g4 Qb8 15.
Bb6 Nc7 16. Ba4 Ra6 17. Bxc7 Qxc7 18. Kb1 Rc8 19. Rc1 Nd7 20. Bb5 Raa8 21. h4
Nb6 22. g5 a4 23. Na1 a3 24. Nb3 axb2 25. Kxb2 d5 26. Nxd5 Bxd5 27. exd5 Ba3+
28. Kb1 Bxc1 29. Rxc1 Nc4 30. Bxc4 Qxc4 0-1

[Event "ch-European Rapid 2013"]
[Site "Warsaw POL"]
[Date "2013.12.14"]
[Round "1.24"]
[White "Neiksans, Arturs"]
[Black "Jedrocha, Katarzyna"]
[Result "1-0"]
[WhiteTitle "GM"]
[WhiteElo "2560"]
[BlackElo "1730"]
[WhiteFideId "11601388"]
[BlackFideId "1163914"]
[EventDate "2013.12.14"]
[EventType "swiss"]

1. e4 e5 2. Nf3 Nf6 3. d4 Nxe4 4. Bd3 d5 5. dxe5 Nc5 6. Be2 Be7 7. O-O O-O 8.
Be3 Be6 9. Nd4 Nc6 10. Nxc6 bxc6 11. Nd2 f6 12. exf6 Rxf6 13. Nb3 Nb7 14. Ba6
Nd6 15. Nc5 Bc8 16. Bd3 Nf5 17. Bxf5 Bxf5 18. Bd4 Bxc5 19. Bxc5 Rg6 20. f3 Qg5
21. Rf2 Re6 22. Qd2 Qxd2 23. Rxd2 a6 24. Kf2 Rb8 25. b3 Rbe8 26. g4 Bg6 27. h3
h6 28. Rf1 Bf7 29. Bd4 R8e7 30. Kg3 Re2 31. Rf2 Rxf2 32. Kxf2 Bg6 33. Be3 Kf7
34. c3 Ke8 35. Rd4 Bb1 36. Rd2 Bg6 37. Bd4 Kf7 38. f4 Be4 39. f5 g6 40. f6 Re6
41. Kg3 c5 42. Bxc5 Rxf6 43. Bd4 Rf3+ 44. Kh2 c6 45. b4 Ke6 46. a4 Rf1 47. Bg7
h5 48. gxh5 gxh5 49. Bd4 Ra1 50. Rf2 Rxa4 51. Rf6+ Kd7 52. Rh6 Bf3 53. Kg3 Bd1
54. Rh7+ Ke6 55. Bc5 Ra3 56. Re7+ Kf6 57. Re3 Ra2 58. Bd4+ Kf7 59. Kh4 a5 60.
Re1 Bf3 61. Rf1 axb4 62. Rxf3+ Kg6 63. cxb4 Re2 64. Rf4 Rd2 65. Bc5 Re2 66. Kg3
Rc2 67. Rf3 Re2 68. Re3 Rxe3+ 69. Bxe3 Kf5 70. Kh4 Ke4 71. Bg5 d4 72. Kxh5 Kd5
73. Kg4 Kc4 74. h4 Kxb4 75. h5 d3 76. h6 c5 77. h7 c4 78. h8=Q 1-0

[Event "ch-European Rapid 2013"]
[Site "Warsaw POL"]
[Date "2013.12.14"]
[Round "1.25"]
[White "Kroczka, Gromoslaw"]
[Black "Antipov, Mikhail Al."]
[Result "1/2-1/2"]
[BlackTitle "GM"]
[WhiteElo "1775"]
[BlackElo "2511"]
[WhiteFideId "1183338"]
[BlackFideId "4107012"]
[EventDate "2013.12.14"]
[EventType "swiss"]

1. e4 c5 2. Nf3 d6 3. d4 cxd4 4. Nxd4 Nf6 5. Nc3 g6 6. Be3 Bg7 7. f3 O-O 8. Qd2
Nc6 9. O-O-O d5 10. exd5 Nxd5 11. Nxc6 bxc6 12. Bd4 Nxc3 13. Qxc3 Bh6+ 14. Be3
Bxe3+ 15. Qxe3 Qb6 16. Qc3 Be6 17. Bc4 Bxc4 18. Qxc4 Rad8 19. Qe2 e6 20. Rxd8
Rxd8 21. c3 Qa5 22. a3 Qg5+ 23. Kc2 Qf5+ 24. Kc1 h5 25. Rd1 Qf4+ 26. Kc2 Rxd1
27. Qxd1 Qxh2 28. Qd8+ Kg7 29. Qd4+ e5 30. Qd2 h4 31. b4 Qg1 32. a4 Qf1 33. Kb3
h3 34. gxh3 Qxf3 35. Qd6 Qf6 36. Qd3 Qe6+ 37. c4 e4 38. Qd4+ Kh7 39. Qxa7 Qxh3+
40. Kb2 Qg2+ 41. Kb3 Qf3+ 42. Kb2 Qe2+ 43. Ka3 Qd3+ 44. Kb2 Qxc4 45. Qb6 Qe2+
46. Ka3 Qd3+ 47. Kb2 Qd2+ 48. Kb3 e3 49. Qxc6 e2 50. Qf6 Qd5+ 1/2-1/2

[Event "ch-European Rapid 2013"]
[Site "Warsaw POL"]
[Date "2013.12.14"]
[Round "1.26"]
[White "Bryzgalin, Kirill"]
[Black "Dziodzio, Tomasz"]
[Result "1-0"]
[WhiteTitle "GM"]
[WhiteElo "2460"]
[BlackElo "1737"]
[WhiteFideId "4133285"]
[BlackFideId "1115022"]
[EventDate "2013.12.14"]
[EventType "swiss"]

1. e4 c5 2. Nf3 d6 3. d4 cxd4 4. Nxd4 Nf6 5. f3 Nc6 6. c4 h6 7. Nc3 e6 8. Be3
Be7 9. Be2 O-O 10. O-O a6 11. Rc1 Bd7 12. Nb3 Rc8 13. Na4 Ne5 14. Nb6 Rc6 15.
Qd4 Be8 16. Rfd1 Ned7 17. Nxd7 Nxd7 18. Qd2 Qb8 19. Bf1 Nf6 20. Na5 Rc8 21. Qb4
Bc6 22. Qa3 Rfe8 23. Nxc6 Rxc6 24. Qd3 Rd8 25. Bf2 e5 26. b4 Rdc8 27. Qb3 b6 28.
g3 R8c7 29. Rc3 Nd7 30. Rdc1 Bf8 31. Bh3 Nf6 32. b5 axb5 33. cxb5 Rxc3 34. Rxc3
Rxc3 35. Qxc3 Qa7 36. Qc4 Qa3 37. Kg2 Qa5 38. Be3 Qe1 39. Qd3 Qa5 40. a3 Qa7 41.
Bf2 Qa5 42. Kf1 Qa7 43. Kg1 Qa5 44. Qb3 Qa7 45. a4 Qb7 46. Bf1 d5 47. exd5 Nxd5
48. Bc4 Nf6 49. Be1 Bc5+ 50. Kg2 e4 51. h3 exf3+ 52. Qxf3 Qe7 53. Qe2 Qb7+ 54.
Kh2 Qd7 55. Bc3 Bd4 56. Bb4 Qd8 57. Qf3 Bc5 58. Bxc5 bxc5 59. Qe3 Qd1 60. a5
Qc2+ 61. Qe2 Qa4 62. a6 h5 63. b6 Qc6 64. b7 Qb6 65. Qa2 h4 66. a7 hxg3+ 67. Kg1
Qxb7 68. a8=Q+ 1-0